Analysing the Usability of Eductional Boards Websites of Sindh Province (Record no. 64780)
[ view plain ]
| 000 -LEADER | |
|---|---|
| fixed length control field | 01584nam a22001457a 4500 |
| 082 ## - DEWEY DECIMAL CLASSIFICATION NUMBER | |
| Classification number | R/IMS-19 |
| -- | 13-12MS(IT)-28 |
| 100 ## - MAIN ENTRY--AUTHOR NAME | |
| Personal name | Buller, Rafique Ahmed |
| -- | 13-12MS(IT)-28 |
| -- | Supervisor - Dr. Zahid Hussain Abro |
| 245 ## - TITLE STATEMENT | |
| Title | Analysing the Usability of Eductional Boards Websites of Sindh Province |
| 260 ## - PUBLICATION, DISTRIBUTION, ETC. (IMPRINT) | |
| Place of publication | Nawabshah: |
| Name of publisher | QUEST, |
| Year of publication | 2019. |
| 300 ## - PHYSICAL DESCRIPTION | |
| Number of Pages | 50p |
| 500 ## - GENERAL NOTE | |
| General note | ABSTRACT<br/><br/>With the widespread use of the Internet technology every government organization maintains its own website. Although there is little work done for the usability evaluation of Pakistani educational websites but it seems that no work has been conducted for Pakistani Boards of Intermediate and Secondary Education (BISE) websites, particularly, the ones in the Sindh province. Through these websites, secondary and higher secondary results are announced it means that man) users visit these websites. Keeping in mind he massive youth population of Sindh province, there was need to evaluate the usefulness of these websites for providing the better services to their intended users. In this research study, usability evaluation of these websites was conducted through expert review and a questionnaire. Through expert review many usability problems were found. As the results show that man) usability problems do exist in these websites so these need to be fixed in order to provide better service to their targeted users.<br/><br/>Keywords: BISE, Expert Evaluation, SUS Questionnaire, User Preference<br/> |
| 700 ## - ADDED ENTRY--PERSONAL NAME | |
| Personal name | Department 0f Information technology |
| 856 ## - ELECTRONIC LOCATION AND ACCESS | |
| Uniform Resource Identifier | http://tinyurl.com/3m2bswx4 |
| 942 ## - ADDED ENTRY ELEMENTS (KOHA) | |
| Koha item type | Thesis and Dissertation |
| Withdrawn status | Lost status | Home library | Current library | Date acquired | Accession Number | Koha item type |
|---|---|---|---|---|---|---|
| Research Section | Reference Section | 01/07/2019 | MP/44-499 | Thesis and Dissertation | ||
| Research Section | Research Section | 20/12/2023 | MP/53-660 | Thesis and Dissertation |